000
00305nam a2200121Ia 4500
008
190216s9999||||xx |||||||||||||| ||und||
100
_a
Vinod A
245
0
_a
Marketing Management
260
_b
Calicut University Central Co-Operative
_c
2002
300
_a
280
650
_a
Marketing Management
942
_c
BK
999
_c
7468
_d
7468